University Home | Library Home | Institutional Repository

Selective if channel inhibition in cardiology / (Record no. 47854)

MARC details
000 -LEADER
fixed length control field 00583cam a2200193 4500
008 - FIXED-LENGTH DATA ELEMENTS--GENERAL INFORMATION
fixed length control field 100520n 000 0 eng u
035 ## - SYSTEM CONTROL NUMBER
System control number (Sirsi) a169229
040 ## - CATALOGING SOURCE
Original cataloging agency
050 ## - LIBRARY OF CONGRESS CALL NUMBER
Classification number RC 681:
Item number FOX 2005
245 ## - TITLE STATEMENT
Title Selective if channel inhibition in cardiology /
Statement of responsibility, etc. edited by Kim Fox.
260 ## - PUBLICATION, DISTRIBUTION, ETC.
Place of publication, distribution, etc. Great Britain:
Name of publisher, distributor, etc. haistan&co.ltd,amersham,
Date of publication, distribution, etc. 2005.
300 ## - PHYSICAL DESCRIPTION
Extent viii,62p.:
Other physical details ill.
504 ## - BIBLIOGRAPHY, ETC. NOTE
Bibliography, etc. note Includes bibliographical references and index.
650 ## - SUBJECT ADDED ENTRY--TOPICAL TERM
Topical term or geographic name entry element Heart disease
650 ## - SUBJECT ADDED ENTRY--TOPICAL TERM
Topical term or geographic name entry element Internal medicine
700 ## - ADDED ENTRY--PERSONAL NAME
Personal name DiFrancesco,D.
700 ## - ADDED ENTRY--PERSONAL NAME
Personal name Berdeaux,A.
700 ## - ADDED ENTRY--PERSONAL NAME
Personal name Singh,B.

No items available.

© 2026 - The University of Zambia Library - Koha v25.11